| 000 | 01135nam a22003137i 4500 | ||
|---|---|---|---|
| 999 |
_c169215 _d169215 |
||
| 005 | 20180924144828.0 | ||
| 008 | 180809s2018 my ||||g |||| 00| 0 may d | ||
| 020 |
_a9789674404314 _cRM28.00 _qpaperback |
||
| 040 |
_aPPAK _beng _cPPAK _dPPAK _erda |
||
| 082 | 0 | 4 |
_223 _a297.5403 |
| 090 | 0 | 0 |
_a297.5403 _bAZM _dR |
| 100 | 0 |
_4author _aAzman Ab Rahman, Prof. Madya, Dr., |
|
| 245 | 1 | 0 |
_aKamus Mini Zakat : _bArab - Melayu / _cAzman Ab Rahman, Hamizul Abdul Hamid, Ahmad Husni Abd Rahman |
| 250 | _aEdisi Pertama | ||
| 264 | 1 |
_aNilai, Negeri Sembilan : _bPENERBIT USIM, Universiti Sains Islam Malaysia, _c2018 |
|
| 300 |
_axiv, 126 pages ; _c22 cm |
||
| 336 |
_2rdacontent _atext |
||
| 337 |
_2rdamedia _aunmediated |
||
| 338 |
_2rdacarrier _avolume |
||
| 500 | _aContains verses from the Qur'an | ||
| 504 | _6Bibliography : pages 123-126 | ||
| 546 | _aText in Malay and Arabic | ||
| 650 | 1 | 0 |
_aZakat _vDictionaries |
| 650 | 2 | 0 |
_aIslam _xCharities _vDictionaries |
| 650 | 2 | 0 |
_aIslamic giving _vDictionaries |
| 700 | 0 |
_aHamizul Abdul Hamid, _d 1974- _eauthor |
|
| 700 | 0 |
_aAhmad Husni Abd Rahman, _cUstaz, _eauthor |
|
| 942 |
_2ddc _cB |
||